01064nam a2200241 a 450000100060000000300080000600500170001400800390003102000150007002000220008503500190010704000410012604100080016708200280017510000270020324500440023026000640027430000240033850400660036250503220042865000380075065000340078821206BD-RjUL20211209000648.0140303s2002 enk b 001 0 eng a033520287X a0335202861 (pbk.) a(BD-RjUL)21270 aDLCbengcDLCdDLCdOrLoB-BdBD-RjUL aeng00a808.06692221bROB 20021 aRoberts, Brian,d1950-10aBiographical research /cBrian Roberts. aBuckingham ;aPhildelphia :bOpen University Press,cc2002. ax, 212 p. ;c24 cm. aIncludes bibliographical references (p. [178]-199) and index.0 a1. Introduction: biographical research -- 2. Uses of biographical research -- 3. The life history -- 4. Autobiography and biography -- 5. Auto/biography and sociology -- 6. Oral history -- 7. The narrative analysis of lives -- 8. Memory and autobiography -- 9. Ethnography and biographical research -- 10. Conclusion. 0aBiographyxResearchxMethodology. 0aBiography as a literary form.